000 00472nam a2200181Ia 4500
001 22382
005 20260414150827.0
008 260414t2016||||xx |||||||||||||| ||spa||
041 _aESP
082 _a621.38
_bL543
100 _aIEEE/Osa Publication
_eAUT
245 2 _aA third of a century of lightware technology :
_bjanuary 1983-april 2016
260 _c2016
300 _a1016 páginas :
_c28 cm.
650 _aTCA
654 _aCET
942 _cLIB
_dJUS
_fJUS
_2ddc
_n
999 _c22382
_d22382